| 000 | 00689nam a2200169 i 4500 | ||
|---|---|---|---|
| 001 | 76228 | ||
| 003 | ES-MaACL | ||
| 005 | 20230906172749.0 | ||
| 007 | t| | ||
| 008 | 040930s1915 sp ||||1| spa d | ||
| 100 | 1 |
_aGuerrero, Tomás F. _960568 |
|
| 245 | 1 | 4 |
_aLas reformas de la ciudad y sus tres factores esenciales _b: mejoras, equidad, justicia / _cTomás F. Guerrero. |
| 260 |
_aSevilla : _b[s.n., _c1915] ( _fArevalo Papelería Sevillana) |
||
| 300 |
_a50 p. ; _c20 cm. |
||
| 500 | _aEn la cubierta: La Exposición Hispano-Americana, Ante los sevillanos, La reforma de Sevilla: apreciación y refutación de la memoria del Señor conde de Colombí. | ||
| 852 |
_aES-MaACL _jT-1464-F-2 |
||
| 999 |
_c76228 _d76228 |
||